Antología general de la literatura española : (Record no. 24584)

MARC details
000 -LEADER
campo de control de longitud fija 00656nam a2200193 i 4500
001 - NÚMERO DE CONTROL
campo de control 24584
003 - IDENTIFICADOR DE NÚMERO DE CONTROL
campo de control ES-MaACL
005 - FECHA Y HORA DE LA ÚLTIMA TRANSACCIÓN
campo de control 20250905133544.0
007 - CAMPO FIJO DE DESCRIPCIÓN FÍSICA--INFORMACIÓN GENERAL
campo de control de longitud fija t|
008 - DATOS DE LONGITUD FIJA--INFORMACIÓN GENERAL
campo de control de longitud fija 021218s1954 sp ||||1| spa d
245 00 - MENCIÓN DEL TÍTULO
Título Antología general de la literatura española :
Resto del título verso, prosa, teatro /
Mención de responsabilidad, etc. por Ángel del Río y Amelia A. del Río.
260 ## - PUBLICACIÓN, DISTRIBUCIÓN, ETC.
Lugar de publicación, distribución, etc. Madrid :
Nombre del editor, distribuidor, etc. Revista de Occidente,
Fecha de publicación, distribución, etc. 1954 (
Fabricante Vda. de Galo Sáez)
300 ## - DESCRIPCIÓN FÍSICA
Extensión 2 v. ;
Dimensiones 25 cm.
650 07 - PUNTO DE ACCESO ADICIONAL DE MATERIA--TÉRMINO DE MATERIA
Término de materia o nombre geográfico como elemento de entrada Literatura española
Fuente del encabezamiento o término embne
9 (RLIN) 14539
700 1# - ENTRADA AGREGADA--NOMBRE PERSONAL
Nombre de persona Río, Ángel del,
Fechas asociadas al nombre 1900-1962
9 (RLIN) 97297
700 1# - ENTRADA AGREGADA--NOMBRE PERSONAL
Nombre de persona Agostini de del Río, Amelia.
9 (RLIN) 18577
852 ## - LOCALIZACIÓN
Ubicación ES-MaACL
Número de control de estantería C-8103-04
Holdings
Estatus retirado Estado de pérdida Estado de daño No para préstamo Biblioteca de origen Biblioteca actual Ubicación en estantería Fecha de adquisición Fuente de adquisición Total de préstamos Signatura topográfica completa Código de barras Visto por última vez Precio de reemplazo Tipo de ítem Koha
        Biblioteca del Ateneo de Madrid Biblioteca del Ateneo de Madrid Sala Palomar 17/01/2008     C-8103-04 1025347 23/02/2023 23/02/2023 Libro impreso